000 00325nam a22001217a 4500
020 _a9789690021656
082 _a891.439
_bCHI
245 _aMithoo hamara zinda bad/
_bمٹھو ہمارا زندہ باد
260 _aاہور:
_bفیروز سنز لمیٹڈ,
_c2010.
300 _a112p. ;
563 _aPB
942 _2ddc
_cBK
999 _c614921
_d614921